| 000 | 00900nam a2200301Ia 4500 | ||
|---|---|---|---|
| 005 | 20250425162040.0 | ||
| 008 | 250425s9999 xx 000 0 und d | ||
| 020 | _a9584102028 | ||
| 041 | _aspa | ||
| 043 | _ack | ||
| 082 | _a515.43 | ||
| 100 | _aHOFFMANN, LAURENCE D. | ||
| 245 | 0 | _aCALCULO PARA ADMINISTRACION, ECONOMIA CIENCIAS BIOLOGICAS Y SOCIALES | |
| 250 | _a7A ED. | ||
| 260 | _aBOGOTA | ||
| 260 |
_aColombia _bMCGRAW HILL _c2001 |
||
| 300 | _a808 | ||
| 500 | _aTÃtulo Traducido: CALCULUS: FOR BUSINESS, ECONOMICS, AND THE SOCIAL AND LIFE SCIENCES | ||
| 650 | _aCALCULO PARA ADMINISTRACION | ||
| 650 | _aCALCULO PARA ADMINISTRACION | ||
| 650 | _aCALCULO PARA ADMINISTRACION | ||
| 650 | _aFUNCIONES LOGARITMICAS | ||
| 650 | _aFUNCIONES LOGARITMICAS | ||
| 650 | _aFUNCIONES LOGARITMICAS | ||
| 700 |
_aYELKA MARIA GARCIA _etraductor |
||
| 942 | _c01 | ||
| 010 | _a43041 | ||
| 999 |
_c221328 _d221328 |
||